Donde habitan los ángeles / (Registro nro. 16670)

Detalles MARC
000 -CABECERA
campo de control de longitud fija 00631nam a2200229 a 4500
005 - FECHA Y HORA DE LA ÚLTIMA TRANSACCIÓN
campo de control 20240806063841.0
008 - ELEMENTOS DE LONGITUD FIJA--INFORMACIÓN GENERAL
campo de control de longitud fija 991125s1997 mad 000 0 spa u
020 ## - NÚMERO INTERNACIONAL NORMALIZADO PARA LIBROS
Número Internacional Estándar del Libro 8429992519
020 ## - NÚMERO INTERNACIONAL NORMALIZADO PARA LIBROS
Número Internacional Estándar del Libro 9687791195
035 ## - NÚMERO DE CONTROL DEL SISTEMA
Número de control de sistema UPN01000016670
049 ## - COLECCIÓN
Colección CG
050 #4 - SIGNATURA TOPOGRÁFICA DE LA BIBLIOTECA DEL CONGRESO
Número de clasificación PQ7297 C6.4
Número de documento/Ítem D6
100 1# - ASIENTO PRINCIPAL--NOMBRE PERSONAL
Nombre de persona Celis, Claudia,
Fechas asociadas al nombre 1951-
9 (RLIN) 33301
245 10 - MENCIÓN DE TÍTULO
Título Donde habitan los ángeles /
Mención de responsabilidad, etc. Claudia Celis.
260 ## - PUBLICACIÓN, DISTRIBUCIÓN, ETC.
Lugar de publicación, distribución, etc. Madrid :
-- México :
Nombre del editor, distribuidor, etc. CNCA :
-- SM,
Fecha de publicación, distribución, etc. 1997.
300 ## - DESCRIPCIÓN FÍSICA
Extensión 124 p.
440 #0 - MENCIÓN DE SERIE/ASIENTO SECUNDARIO--TÍTULO
Título Gran angular;
Designación de volumen o secuencia 4M
650 #4 - ASIENTO SECUNDARIO DE MATERIA - TERMINO TEMATICO
Término de materia o nombre geográfico como elemento de entrada Literatura mexicana
9 (RLIN) 4466
650 #4 - ASIENTO SECUNDARIO DE MATERIA - TERMINO TEMATICO
Término de materia o nombre geográfico como elemento de entrada Novela mexicana
Subdivisión cronológica Siglo XX
9 (RLIN) 6052
905 ## - TIPO DE MATERIAL
Tipo de material Libro
Existencias
Estado de retiro Estado de pérdida Fuente del sistema de clasificación o colocación Estado dañado No para préstamo Código de colección Localización permanente Ubicación/localización actual Ubicación en estantería Enumeración/cronología de publicación seriada Total de préstamos Clasificación Código de barras Fecha visto por última vez Número de copia Tipo de ítem Koha
    Library of Congress Classification   Extraviado Colección General Bib. Gregorio Torres Quintero Bib. Gregorio Torres Quintero Planta baja correg. clas. 5 PQ7297 C6.4 D6 163226 31/12/2020 1 Libro